| 000 | 00721cab a2200229 4500 | ||
|---|---|---|---|
| 001 | WB3119-48 | ||
| 008 | 090401t1995 xxu||||| |||| 00| 0 eng d | ||
| 035 | _a(Sirsi) u70725 | ||
| 041 | _aeng | ||
| 245 | _aBurning issue of coppicing | ||
| 260 | _c1995 | ||
| 350 | _a0 | ||
| 490 |
_aTimes _v13 May 1995, W17(1) |
||
| 520 | _aConsiders plans to plant willows and poplars which can be mechanically coppiced as fuel for power stations, as more farmland is taken out of food production. Highlights the impact of large scale coppicing on the countryside. | ||
| 650 | _aBIOMASS | ||
| 650 | _aCOPPICING | ||
| 650 | _aPOPLARS | ||
| 650 | _aWILLOWS | ||
| 690 | _aRURAL PRACTICE | ||
| 942 | _n0 | ||
| 948 | _c04/03/1997 | ||
| 999 |
_c44521 _d44521 |
||